| 000 | 00747nam a2200253Ia 4500 | ||
|---|---|---|---|
| 003 | OSt | ||
| 005 | 20220918223800.0 | ||
| 006 | a|||||r|||| 00| 0 | ||
| 007 | ta | ||
| 008 | 220917b |||||||| |||| 00| 0 eng d | ||
| 024 | _a225,064 | ||
| 037 | _cTextual | ||
| 040 |
_aARTS _cARTS _beng |
||
| 041 |
_2eng _aeng |
||
| 082 | _aO111944w, P4 | ||
| 100 |
_aArnold David Ed. _947050 |
||
| 245 | 0 |
_aTelling lives in India _b Biography, autobiography, and life history |
|
| 260 |
_aDelhi _bPermanent Black _c2004 |
||
| 300 |
_ax, 323p. _ccm. |
||
| 650 | _aENGLISH LITERATURE | ||
| 700 |
_a Blackburn Stuart Ed. _925958 |
||
| 942 |
_hO111944w, P4 _cTEXL _2CC |
||
| 999 |
_c279443 _d279443 |
||